000 00648nam a2200241Ia 4500
003 OSt
005 20220918175808.0
006 a|||||r|||| 00| 0
007 ta
008 220917b |||||||| |||| 00| 0 eng d
024 _a18,970
037 _cTextual
040 _aARTS
_cARTS
_beng
041 _2eng
_aeng
082 _aO11196,2NAl,1, K5
100 _aAidoo Christina Ama Ata
_954891
245 0 _aDilemma of a Ghost
260 _aAccra
_bLongman
_c1965
300 _a50p
_ccm.
650 _aENGLISH LITERATURE
942 _hO11196,2NAl,1, K5
_cTEXL
_2CC
999 _c159008
_d159008